Legislatíva účtovníctva v Európskej únii. 6

Stanovenie voliteľnosti alebo povinnosti aktivovania hodnoty obchodu alebo firmy. Aktivovanie nehmotného investičného majetku vytvoreného vlastnou činnosťou v Nemecku, Francúzsku, Holandsku, Belgicku, Luxembursku, Veľkej Británii, Dánsku a Slovenskej republike - voliteľnosť, povinnosť alebo zákaz. B...

Descrizione completa

Salvato in:
Dettagli Bibliografici
Autore principale: Farkaš, Richard
Natura: Capitolo di libro
Lingua:slovacco
Soggetti:
Tags: Aggiungi Tag
Nessun Tag, puoi essere il primo ad aggiungerne!!

MARC

LEADER 00000naa a2200000 4500
001 r018446
005 20221205103230.9
041 0 |a slo 
044 |a SK 
245 1 0 |a Legislatíva účtovníctva v Európskej únii. 6  |c Richard Farkaš 
520 |a Stanovenie voliteľnosti alebo povinnosti aktivovania hodnoty obchodu alebo firmy. Aktivovanie nehmotného investičného majetku vytvoreného vlastnou činnosťou v Nemecku, Francúzsku, Holandsku, Belgicku, Luxembursku, Veľkej Británii, Dánsku a Slovenskej republike - voliteľnosť, povinnosť alebo zákaz. Bilancovanie odložených daní - povinnosť, voliteľnosť a zákaz aktivovania alebo pasivovania rezervy. Bilancovanie nákladových rezerv. Bilancovanie mimoriadnych oprávok prípustných podľa daňových predpisov k investičnému a obežnému majetku. 
610 2 0 |a účtovníctvo 
610 2 0 |a Európska únia 
610 2 0 |a legislatíva 
610 2 0 |a hodnota 
610 2 0 |a obchod 
610 2 0 |a firmy 
610 2 0 |a majetok nehmotný 
610 2 0 |a dane 
610 2 0 |a bilancie 
610 2 0 |a rezervy 
610 2 0 |a náklady 
610 2 0 |a Nemecko 
610 2 0 |a Francúzsko 
610 2 0 |a Holandsko 
610 2 0 |a Belgicko 
610 2 0 |a Luxembursko 
610 2 0 |a Veľká Británia 
610 2 0 |a Dánsko 
610 2 0 |a Slovensko 
610 2 0 |a dane odložené 
100 1 |a Farkaš, Richard